| 000 | 00797nam a2200241Ia 4500 | ||
|---|---|---|---|
| 003 | OSt | ||
| 005 | 20220923210950.0 | ||
| 006 | a|||||r|||| 00| 0 | ||
| 007 | ta | ||
| 008 | Pun | ||
| 020 | _a812601623X (pbk) | ||
| 024 | _a235,150 | ||
| 037 | _cTextual | ||
| 040 |
_aARTS _cARTS _bPun |
||
| 041 |
_2Pun _aPun |
||
| 082 | _aO32,1N30x, 153P4 | ||
| 100 |
_aਪਣਿਕਰ, ਅਯੱਪਾ; ਮਨਜੀਤਪਾਲ, ੳਗ. _9156637 |
||
| 245 | 0 | _aਅਯੱਪਾ ਪਣਿਕਰ ਦੀਆਂ ਕਵਿਤਾਵਾਂ (1969-80 ) | |
| 260 |
_aਦਿੱਲੀ _b ਸਾਹਿਤ ਅਕਾਦੇਮੀ _c2004 |
||
| 300 |
_a247ਪੰ _ccm. |
||
| 942 |
_hO32,1N30x, 153P4 _cTEXL _2CC |
||
| 999 |
_c293261 _d293261 |
||